| Tag |
First Indicator |
Second Indicator |
Subfields |
| LEADER |
00000cas a2200000 a 4500 |
| 001 |
in00002785610 |
| 005 |
20151202172121.0 |
| 006 |
m o d |
| 007 |
cr bn||||||abp |
| 007 |
cr bn||||||ada |
| 008 |
101110c19819999fr tr poo 0 0fre c |
| 010 |
|
|
|a 2011234562
|
| 022 |
|
|
|l 0248-4951
|y 0248-4951
|y 9248-4951
|
| 029 |
1 |
|
|a NZ1
|b 13876585
|
| 035 |
|
|
|a (OCoLC)ocn680466372
|
| 035 |
|
|
|a (OCoLC)680466372
|
| 040 |
|
|
|a OCLCE
|b eng
|c OCLCE
|d OCLCQ
|d EYM
|d HLS
|d MYG
|d OCLCQ
|d TXA
|d UtOrBLW
|
| 041 |
0 |
|
|a fre
|b eng
|
| 042 |
|
|
|a dlr
|a pcc
|
| 049 |
|
|
|a TXAM
|
| 050 |
|
4 |
|a HQ1102
|b .Q47 Electronic
|
| 082 |
0 |
4 |
|a 305.4/2/05
|2 19
|
| 245 |
0 |
0 |
|a Nouvelles questions féministes.
|
| 246 |
1 |
7 |
|a N.Q.F.
|f 1992-1999
|
| 246 |
1 |
7 |
|a NQF
|f 2002-
|
| 264 |
|
1 |
|a Paris :
|b Editions Tierce,
|c 1981-
|
| 310 |
|
|
|a 3 no. a year,
|b 2002-
|
| 321 |
|
|
|a Quarterly (irregular),
|b 1981-1999
|
| 336 |
|
|
|a text
|b txt
|2 rdacontent
|
| 337 |
|
|
|a computer
|b c
|2 rdamedia
|
| 338 |
|
|
|a online resource
|b cr
|2 rdacarrier
|
| 362 |
0 |
|
|a No 1 (mars 1981)-no 16/17/18 (1991) ; v. 13, no 1 (1992)-
|
| 500 |
|
|
|a Some issues have also a distinctive title.
|
| 500 |
|
|
|a Publisher varies.
|
| 500 |
|
|
|a Directrice de publication: Simone de Beauvoir, 1981-spring 1986; Andrée Michel, winter 1986-1995; Christine Delphy, 1996-
|
| 506 |
|
|
|3 Use copy
|f Restrictions unspecified
|2 star
|5 MiAaHDL
|
| 515 |
|
|
|a Some issues combined.
|
| 515 |
|
|
|a Publication suspended: 1987-1990, 2000-2001.
|
| 533 |
|
|
|a Electronic reproduction.
|b [S.l.] :
|c HathiTrust Digital Library,
|d 2010.
|5 MiAaHDL
|
| 546 |
|
|
|a Summaries in English.
|
| 580 |
|
|
|a Vol. 19, nos 2/3/4, 1998, also issued as v. 11, no 2 of Recherches féministes.
|
| 583 |
1 |
|
|a digitized
|c 2010
|h HathiTrust Digital Library
|l committed to preserve
|2 pda
|5 MiAaHDL
|
| 588 |
|
|
|a Description based on: No 1 (mars 1981); title from PDF cover (JSTOR, viewed Dec. 21, 2011).
|
| 588 |
|
|
|a Latest issue consulted: Vol. 24, no 3 (2005) (JSTOR, viewed Dec. 21, 2011).
|
| 500 |
|
|
|a Electronic resource.
|
| 650 |
|
0 |
|a Feminism
|v Periodicals.
|
| 650 |
|
0 |
|a Women's rights
|v Periodicals.
|
| 650 |
|
0 |
|a Women
|x Social conditions
|v Periodicals.
|
| 650 |
|
6 |
|a Féminisme
|v Périodiques.
|
| 650 |
|
7 |
|a Feminismus
|v Zeitschrift.
|2 swd
|
| 700 |
1 |
|
|a Beauvoir, Simone de,
|d 1908-1986.
|
| 700 |
1 |
|
|a Michel, Andrée.
|
| 700 |
1 |
|
|a Delphy, Christine.
|
| 776 |
0 |
8 |
|i Print version:
|t Nouvelles questions féministes
|x 0248-4951
|w (DLC) 85648902
|w (OCoLC)7668830
|
| 777 |
1 |
|
|t Recherches féministes
|
| 780 |
0 |
0 |
|t Questions féministes
|w (DLC) 2011234563
|w (OCoLC)647081716
|
| 948 |
|
|
|a cataloged
|b h
|c 2012/12/17
|d c
|e spoltoratski
|f 11:53:03 am
|g sc
|
| 994 |
|
|
|a C0
|b TXA
|
| 999 |
|
|
|a MARS
|
| 999 |
f |
f |
|s 7cc3498f-831d-31d7-8d2d-2c96b76bba47
|i 923b11c9-ace0-33f5-a517-fb2527e800d4
|t 0
|
| 952 |
f |
f |
|a Texas A&M University
|b College Station
|c Electronic Resources
|d Available Online
|t 0
|e HQ1102 .Q47
|g Electronic
|h Library of Congress classification
|
| 998 |
f |
f |
|a HQ1102 .Q47
|t 0
|l Available Online
|